000 01695nam a2200313 4500
001 0000035579
003 CO-CtgCURN
005 20250429224144.0
007 ta
008 100608s2013 001 0 eng d
020 _a9789583509353
040 _aCO-CtgCURN
_bspa
_ccoctgcurn
082 0 _a347.9
_bM491
100 1 _aMedina Vergara, Jairo.
245 1 0 _aDerecho comercial :
_bParte general /
_cJairo Medina Vergara.
250 _a5 ed.
260 _aBogotá :
_bEditorial Temis,
_c2013.
300 _a496 p.
336 _2rdacontent
337 _2rdamedia
_asin mediacion
_bn
338 _2rdacarrier
_avolumen
_bnc
505 8 _aIntroducción y antecedentes historicos.-- Historia del derecho comercial en colombia.-- El derecho comercial y su relacion con otras ramas del derecho.-- Derecho mercantil y ciencia del derecho mercantil.-- Fuentes del derecho mercantil de los comerciantes.-- Teoria de la empresa. el establecimiento de comercio.-- Teoria de la empresa. operaciones sobre el local de negocio y el establecimiento de comercio.-- Teoria de la empresa. la empresa mercantil.-- Teoria de los actos y operaciones mercantiles.-- Comercio electronico.-- Derecho de la competencia.-- El registro mercantil.-- Los libros de comercio.-- Las camaras de comercio.-- Regimen de la insolvencia empresarial.-- La justicia comercial. solucion de conflictos
650 1 4 _aDerecho comercial
_xHistoria
_zColombia.
650 1 4 _aDerecho comercial
_xLegislacion
_zColombia.
650 1 4 _aDerecho comercial
_zColombia.
942 _cBK
_h347.9
_iM491
_2ddc
999 _c41039
_d41039